000 00466nam a22001697a 4500
003 NUST - PNEC
005 20170116181049.0
008 150928b xxu||||| |||| 00| 0 eng d
020 _a9812381848
040 _cLIBRARY
082 _a628.1 EME
100 _911800
_a Emerson, A. G. D
245 _aQuantitative forecasting of problems in industrial water systems
_cA. G. D. Emerson
260 _cc 2003
650 _911801
_aWater--Analysis
_xME
942 _2ddc
_cBK
999 _c68335
_d68335